header

The game of justice (Record no. 181857)

MARC details
000 -LEADER
fixed length control field 01257nam a2200325Ia 4500
082 04 - DEWEY DECIMAL CLASSIFICATION NUMBER
Classification number 320.01/1
100 1# - MAIN ENTRY--AUTHOR NAME
Personal name Lane, Ruth,
245 14 - TITLE STATEMENT
Title The game of justice
260 ## - PUBLICATION, DISTRIBUTION, ETC. (IMPRINT)
Place of publication Albany :
Name of publisher State University of New York Press,
Year of publication c2007.
300 ## - PHYSICAL DESCRIPTION
Number of Pages viii, 208 p.
650 #0 - SUBJECT ADDED ENTRY--TOPICAL TERM
Topical Term Justice.
Topical Term Democracy.
856 40 - ELECTRONIC LOCATION AND ACCESS
Uniform Resource Identifier http://site.ebrary.com/lib/rucke/Doc?id=10575804

No items available.

© 2026 Rongo University
Contact us: librarian | system librarian | Rongo university